Disney by Letters - Statistics

General Stats
  • This quiz has been taken 27 times
  • The average score is 10 of 100
Answer Stats
First Letters Movie % Correct
M P Mary Poppins
68%
B A T B Beauty And The Beast
47%
S W A T S D Snow White And The Seven Dwarfs
37%
U Up
32%
F N Finding Nemo
26%
H O T R Home On The Range
26%
T S Toy Story
26%
Z Zootopia
26%
A I W Alice In Wonderland
21%
M I Monsters, Inc
21%
O A C Oliver & Company
21%
S B Sleeping Beauty
21%
T L M The Little Mermaid
21%
A B L A Bug's Life
16%
B A B Bedknobs And Broomsticks
16%
F D Finding Dory
16%
M U Monsters University
16%
O T G A P Oz: The Great And Powerful
16%
T Tarzan
16%
T A The Aristocats
16%
T H O N D The Hunchback Of Notre Dame
16%
T L K The Lion King
16%
T P A T F The Princess And The Frog
16%
A T L E Atlantis: The Lost Empire
11%
F Frozen
11%
H S M High School Musical
11%
I O Inside Out
11%
I T W Into The Woods
11%
L A T T Lady And The Tramp
11%
M P R Mary Poppins Returns
11%
P P Peter Pan
11%
P D Pete's Dragon
11%
T G D The Good Dinosaur
11%
T J B The Jungle Book
11%
T S I T S The Sword In The Stone
11%
T P Treasure Planet
11%
A T T L G Alice Through The Looking Glass
5%
B S Bedtime Stories
5%
B H C Beverly Hills Chihuahua
5%
B G Blackbeard's Ghost
5%
B B Brother Bear
5%
C L Chicken Little
5%
C N D R R Chip 'n Dale: Rescue Rangers
5%
C R Christopher Robin
5%
C O A T D Q Confessions Of A Teenage Drama Queen
5%
D T M T O T L L DuckTales The Movie: Treasure Of The Lost Lamp
5%
E B Eight Below
5%
F F Freaky Friday
5%
G O T J George Of The Jungle
5%
G F G-Force
5%
H M T M Hannah Montana: The Movie
5%
H M Haunted Mansion
5%
H F L Herbie Fully Loaded
5%
H P Hocus Pocus
5%
H B L I S F Homeward Bound II: Lost In San Francisco
5%
H B T I J Homeward Bound: The Incredible Journey
5%
H I S T K Honey, I Shrunk The Kids
5%
I G Inspector Gadget
5%
J A T G P James And The Giant Peach
5%
J C John Carter
5%
J C Jungle Cruise
5%
M M O E Maleficent: Mistress Of Evil
5%
M T R Meet The Robinsons
5%
M J Y Mighty Joe Young
5%
M T L K Mufasa: The Lion King
5%
M M W Muppets Most Wanted
5%
N T National Treasure
5%
N T B O S National Treasure: Book Of Secrets
5%
P O T C A W E Pirates Of The Caribbean: At World's End
5%
P O T C D M C Pirates Of The Caribbean: Dead Man's Chest
5%
P O T C O S T Pirates Of The Caribbean: On Stranger Tides
5%
P O T C T C O T B P Pirates Of The Caribbean: The Curse Of The Black Pearl
5%
R T W M Race To Witch Mountain
5%
R B T I Ralph Breaks The Internet
5%
R A T L D Raya And The Last Dragon
5%
S M B Saving Mr Banks
5%
S D Snow Dogs
5%
S O T S Song Of The South
5%
S W Strange World
5%
T A O I A M T The Adventures Of Ichabod And Mr Toad
5%
T B C The Black Cauldron
5%
T C O N P C The Chronicles Of Narnia: Prince Caspian
5%
T C O N T L T W A T W The Chronicles Of Narnia: The Lion, The Witch And The Wardrobe
5%
T E N G The Emperor's New Groove
5%
T F A T H The Fox And The Hound
5%
T G P The Game Plan
5%
T G M D The Great Mouse Detective
5%
T L R The Lone Ranger
5%
T N A T F R The Nutcracker And The Four Realms
5%
T P T The Parent Trap
5%
T P D The Princess Diaries
5%
T R D U The Rescuers Down Under
5%
T S A The Sorcerer's Apprentice
5%
T R Turning Red
5%
W Wish
5%
W I R Wreck-It Ralph
5%
P O T C D M T N T Pirates Of The Caribbean: Dead Men Tell No Tales
0%
S H Sky High
0%
T P The Pacifier
0%
No matching quizzes found
Score Distribution
Percent of People with Each Score
Percentile by Number Answered
Your Score History
You have not taken this quiz